Central Library OPAC University of Rajshahi

Saving and economic development : (Record no. 4178)

MARC details
000 -LEADER
fixed length control field 01023nam a22002652 4500
001 - CONTROL NUMBER
control field 4178
003 - CONTROL NUMBER IDENTIFIER
rucl marc code BD-RjUL
005 - DATE AND TIME OF LATEST TRANSACTION
control field 20211208233840.0
008 - FIXED-LENGTH DATA ELEMENTS--GENERAL INFORMATION
fixed length control field 131222s1967 ii a 00| 0 eng d
035 ## - SYSTEM CONTROL NUMBER
System control number OCLC ocm00244075 from D960930M
-- (BD-RjUL)4212
040 ## - CATALOGING SOURCE
Original cataloging agency DLC
Transcribing agency DLC
Modifying agency BD-RjUL
Language of cataloging eng
041 ## - LANGUAGE CODE
Language code of text/sound track or separate title eng
082 ## - DEWEY DECIMAL CLASSIFICATION NUMBER
Classification number 339.430954
Author mark and year SAS 1967.
100 1# - MAIN ENTRY--PERSONAL NAME
Personal name Sahni, Balbir Singh,
Dates associated with a name 1934-
9 (RLIN) 13248
245 10 - TITLE STATEMENT
Title Saving and economic development :
Remainder of title with special reference to India /
Statement of responsibility, etc. [by] Balbir S. Sahni. With a foreword by Hans W. Singer.
260 ## - PUBLICATION, DISTRIBUTION, ETC. (IMPRINT)
Place of publication, distribution, etc. Calcutta :
Name of publisher, distributor, etc. Scientific Book Agency,
Date of publication, distribution, etc. 1967.
300 ## - PHYSICAL DESCRIPTION
Pagination xvii, 149 p.
Illustrations illus.
Size 25 cm.
500 ## - GENERAL NOTE
General note Expansion of author's thesis, New School for Social Research, New York, 1965, entitled Saving and Indian economic development.
504 ## - BIBLIOGRAPHY, ETC. NOTE
Bibliography, etc includes index Bibliography: p. [139]-142.
650 #0 - SUBJECT ADDED ENTRY--TOPICAL TERM
Topical term or geographic name as entry element Saving and investment
Geographic subdivision India.
9 (RLIN) 13249
Topical term or geographic name as entry element Economic conditions
Geographic subdivision India
Chronological subdivision 1947-
9 (RLIN) 13250
942 ## - ADDED ENTRY ELEMENTS (KOHA)
Source of classification or shelving scheme Dewey Decimal Classification
Koha item type Books
Holdings
Lost status Source of classification or shelving scheme Damaged status Not for loan Collection code Permanent Location Current Location Shelving location Date acquired Source of acquisition Cost, normal purchase price Total Checkouts Full call number Date last seen Copy number Koha item type
  Dewey Decimal Classification   Not For Loan Non-fiction Central Library, University of Rajshahi Central Library, University of Rajshahi Reading Room 17/09/1973 k.p bangali & co. 0.00   339.430954 SAS 1967. 22/12/2013 C-1 Books